000 00866nam a22002177a 4500
999 _c5948
_d5948
003 AR-CdUCM
008 190313b ||||| |||| 00| 0 spa d
040 _aMUNICIPALIDAD PROVINCIAL DEL CUSCO
_cBIBLIOTECA MUNICIPAL DEL CUSCO
082 _a985.009 /
_bM69
245 _aS. Toribio de Mogrovejo; San Francisco Solano /
_cEnrique Bartra S.J. ; Rubén Vargas Ugarte S.J.
260 _aLima :
_bUniversitaria,
_c1964.
300 _a95 páginas ;
_c20 cm.
440 _aBiblioteca hombres del Perú
_n : 14
_917465
440 _aSegunda serie
_916781
500 _aDonación de la familia Nieto
505 _aContenido: Un arzobispo para medio continente -- El estudiante de Salamanca -- La carta magna de la iglesia de América...
700 _aVargas Ugarte S.J. , Rubén
_917466
700 _aBartra S.J. , Enrique
_99888
942 _2ddc
_cLIBROS
945 _aLiseth